000 00605nam a2200181 4500
001 136501
003 ES-MaACL
005 20240825063039.0
007 t|
008 070214s1946 ag r ||||1| spa d
100 1 _aRussell, Bertrand,
_d1872-1970
_9101033
245 1 0 _aInvestigación sobre el significado y la verdad /
_cBertrand Russell ; [traducción directa de José Rovira Armengol].
260 _aBuenos Aires :
_bLosada,
_c1946.
300 _a430 p. ;
_c21 cm.
700 1 _aRovira Armengol, José.
_9100141
852 _aES-MaACL
_jE-2216
_bR.23460
999 _c136501
_d136501